Bowstead on Agency / (Record no. 490)

MARC details
000 -LEADER
fixed length control field 00569nam a22001817a 4500
005 - DATE AND TIME OF INPUT
control field 20231109135800.0
008 - DATA ELEMENTS--GENERAL INFORMATION
fixed length control field 231109b |||||||| |||| 00| 0 eng d
020 ## - INTERNATIONAL STANDARD BOOK NUMBER
International Standard Book Number 0421175907
041 ## - LANGUAGE CODE
Language code of text English
082 ## - SHELF NUMBER
DDC number 346.2 BOW
100 ## - MAIN AUTHOR
Main author's name Reynolds, FMB and Davenport, BJ
Language of a work English
245 ## - TITLE STATEMENT
Title Bowstead on Agency /
Statement of responsibility, etc. FMB Reynolds and BJ Davenport
250 ## - EDITION STATEMENT
Edition statement Fourteenth Edition
260 ## - PUBLICATION, DISTRIBUTION, ETC.
Place of publication, distribution, etc. London :
Name of publisher, distributor, etc. Sweet and Maxwell Ltd,
Date of publication, distribution, etc. 1976
300 ## - PHYSICAL DESCRIPTION
Other physical details xcix, 461 pages ;
Dimensions 26 cm.
650 ## - SUBJECT`
Broad subject Legal practice
Own subject terms Law
942 ## - ADDED ENTRY ELEMENTS (KOHA)
Item type Books
942 ## - ADDED ENTRY ELEMENTS (KOHA)
-- ALISON_BN_VRIES
Holdings
Source of classification or shelving scheme Not for loan Collection code Home library Current library Shelving location Date acquired Full call number Barcode Price effective from Koha item type
Dewey Decimal Classification   TEXT BOOKS LAW SOCIETY OF NAMIBIA LIBRARY - WINDHOEK LAW SOCIETY OF NAMIBIA LIBRARY - WINDHOEK Contract law 11/09/2023 346.2 BOW LSN/1988/42 11/09/2023 Books